Online
Catalog

Storia della guerra di Grecia / (Record no. 17829)

MARC details
000 -CABECERA
campo de control de longitud fija 00754cam a2200253 a 4500
001 - NÚMERO DE CONTROL
campo de control 000018308
003 - IDENTIFICADOR DEL NÚMERO DE CONTROL
campo de control UkOxU
005 - FECHA Y HORA DE LA ÚLTIMA TRANSACCIÓN
campo de control 20200929165440.0
008 - DATOS DE LONGITUD FIJA--INFORMACIÓN GENERAL
campo de control de longitud fija 840524s1966 it af 000 0 ita d
010 ## - NÚMERO DE CONTROL DE LA BIBLIOTECA DEL CONGRESO
Número de control de LC 72324653
035 ## - NÚMERO DE CONTROL DEL SISTEMA
Número de control de sistema 9919827
040 ## - FUENTE DE LA CATALOGACIÓN
Centro catalogador/agencia de origen DO-SdBNP
Lengua de catalogación BNPHU
Centro/agencia transcriptor CarP
082 ## - NÚMERO DE LA CLASIFICACIÓN DECIMAL DEWEY
Número de clasificación 949.509
Número de documento/Ítem C419s
049 ## - FONDOS LOCALES (OCLC)
Fondos de biblioteca BNGR
100 1# - ENTRADA PRINCIPAL--NOMBRE DE PERSONA
Nombre de persona Cervi, Mario
9 (RLIN) 39649
245 10 - MENCIÓN DE TÍTULO
Título Storia della guerra di Grecia /
Mención de responsabilidad, etc. Mario Cervi.
260 ## - PUBLICACIÓN, DISTRIBUCIÓN, ETC.
Lugar de publicación, distribución, etc. Milano :
Nombre del editor, distribuidor, etc. Arnoldo Mondadori,
Fecha de publicación, distribución, etc. 1966.
300 ## - DESCRIPCIÓN FÍSICA
Extensión 381 p. :
Otras características físicas il. ;
Dimensiones 19 cm.
490 1# - MENCIÓN DE SERIE
Mención de serie Oscar mondadori ;
Designación de volumen o secuencia 8481
651 #4 - PUNTO DE ACCESO ADICIONAL DE MATERIA--NOMBRE GEOGRÁFICO
Nombre geográfico Grecia
Subdivisión general Historia
9 (RLIN) 2389
650 #4 - PUNTO DE ACCESO ADICIONAL DE MATERIA--TÉRMINO DE MATERIA
Término de materia o nombre geográfico como elemento de entrada Guerra mundial ii, 1939-1945
Subdivisión general Campañas
Subdivisión geográfica Grecia
9 (RLIN) 39650
830 #0 - PUNTO DE ACCESO ADICIONAL DE SERIE-TÍTULO UNIFORME
Título uniforme Oscar Mondadori ;
Designación de volumen o secuencia 8481
9 (RLIN) 39651
910 ## - DATOS DE OPCIÓN DEL USUARIO (OCLC)
Datos de opción del usuario Catalogación por derivada /Oxford
Holdings
Estado de retiro Estado de pérdida Restricciones de uso No para préstamo Código de colección Localización permanente Ubicación/localización actual Ubicación en estantería Fecha de adquisición Número de inventario Total de préstamos Signatura topográfica completa Código de barras Fecha visto por última vez Precio válido a partir de Tipo de ítem Koha
      Excluido de préstamo Monografías: Libros y Folletos General General En catalogación 27.04.2010 LF1   949.509 C419s 18308-10 25.06.2020 25.06.2020 No se presta

Powered by Koha